| 000 | 00481nam a22001697a 4500 | ||
|---|---|---|---|
| 008 | 230328b |||||||| |||| 00| 0 eng d | ||
| 040 |
_aNational Science Library _cNational Science Library |
||
| 080 |
_a91(540) _bN1 |
||
| 245 | _aEmerging trends in Indian geography | ||
| 260 |
_aJaipur: _bRawat, _c1991 |
||
| 300 | _axii, 170p. | ||
| 650 | _aGeography | ||
| 653 | _aRural development | ||
| 653 | _aPhysical geography | ||
| 700 | _aDiddee, Jaymala (Ed.) | ||
| 942 |
_2udc _cREF |
||
| 999 |
_c16008 _d16008 |
||